000 00417nam a2200169 i 4500
001 bg
100 1 _aHAHN, Hans
245 0 _aThyristoren und Thyristorschaltungen /
_cHans Hahn.
260 _aHeidelberg :
_bAlfred Hüthig,
_c1970.
300 _a14, [16] s. :
_bil.
650 9 _aTyrystory
040 _cBPK
041 _apol
080 _a621.382.2/.3
942 _cKS
008 s pl f |000 0 pol
999 _c9054
_d9054
856 _uhttp://koha.tu.koszalin.pl/cgi-bin/koha/opac-detail.pl?biblionumber=9054
_yKatalog online BPK